Business plan of a startup company diplomová práca

Na minha lista:
Detalhes bibliográficos
Autor principal: Kováčová, Mária
Autor Corporativo: Fakulta podnikového manažmentu EU. Katedra manažmentu
Outros Autores: Zagoršek, Branislav, 1984-
Formato: Livro
Idioma:inglês
Publicado em: Bratislava 2018
Tags: Adicionar Tag
Sem tags, seja o primeiro a adicionar uma tag!

MARC

LEADER 00000nbm a2200000 4500
001 0247300
005 20180920130748.8
041 0 |a eng 
044 |a SK 
245 1 0 |a Business plan of a startup company  |b diplomová práca  |c Mária Kováčová ; školiteľ: Branislav Zagoršek 
264 1 |a Bratislava  |c 2018 
300 |a 109 s. 
100 1 |a Kováčová, Mária 
700 1 |a Zagoršek, Branislav, 1984- 
710 2 |a Fakulta podnikového manažmentu EU. Katedra manažmentu